Представление документа в формате RUSMARC

Поле Инд. ПП Название Значение
Тип записи a
Библиографический уровень a
001 Контрольный номер da4da31513e9465885e0be76f764e8bb
005 Дата корректировки 20190520162017.4
100 a Данные общей обработки 20190520 ||| 0rusy0189 ca
101 0_ a Язык текста rus
102 a Страна публикации RU
200 1_ f Первые сведения об ответственности С.А. Правкин, В.В. Смирнова
a Заглавие Проблемы реализации инвестиционных проектов в соглашениях, основанных на государственно-частном партнерстве
b Общее обозначение материала Текст
210 1_ d Дата издания 2019
461 _0 1 2000
a Российская юстиция
463 _0 1 2000
a № 4
v С. 6-8
1 2101
d 2019
1 001ff02bc91735a4dec8338d566d2b32bee
606 a Основная рубрика Финансы. Финансовый рынок
610 0_ a Ключевые слова ИНВЕСТИЦИИ
a Ключевые слова ГОСУДАРСТВЕННО-ЧАСТНОЕ ПАРТНЕРСТВО
a Ключевые слова ФИНАНСИРОВАНИЕ
700 _1 a Фамилия Правкин
b Имя С.А.
701 _1 a Фамилия Смирнова
b Имя В.В.
801 _0 a Страна RU
b Организация РГУП
c Дата составления 20190520
g Правила каталогизации PSBO
801 _1 a Страна RU
b Организация РГУП
c Дата составления 20190520
g Правила каталогизации PSBO
901 t Тип документа b
w Контрольный № источника ff02bc91735a4dec8338d566d2b32bee
905 a Дата ввода 20190520